00594cam a2200169 a 4500020003600000020003500036082003000071100002000101245005900121260005900180300001900239505008100258526003700339650000800376650001900384650002100403 a1560003421 (v. 1. : alk. paper) a1560003561 (v. 2 : alk. paper)00a303.66bBARcL-39, P-170.1 aBarbera, Henry.14aThe military factor in social change /cHenry Barbera. aNew Brunswick, N.J. :bTransaction Publishers,cc1998. a2 v. ;c24 cm.0 av. 1. From provincial to political society -- v. 2. The state as revolution. a0b0c0d303_660000000000000_BAR 0aMCE 0aSocial change. 0aWar and society.